|
|
|
|
| LEADER |
00000cas a2200000 a 4500 |
| 001 |
vtls001449134 |
| 003 |
SK-MaSNL |
| 005 |
20260425194054.0 |
| 008 |
160324d20012001xo ar 0 0 0slo |
| 015 |
|
|
|a SNBA2004/05-01715 (r. 2001)
|
| 020 |
|
|
|a 8080630747 (brož. : 2001)
|
| 035 |
|
|
|a SNK000404407
|
| 040 |
|
|
|a SNK
|b slo
|c SNK
|e AACR2
|
| 041 |
0 |
|
|a slo
|b eng
|b slo
|
| 044 |
|
|
|a xo
|c SK
|
| 072 |
|
7 |
|a 614
|x Verejné zdravie a hygiena
|2 konspekt
|
| 080 |
|
|
|a 614.2:371.623.5
|2 2001
|
| 080 |
|
|
|a (437.6)
|2 2011
|
| 080 |
|
|
|a 050
|2 2011
|
| 080 |
|
|
|a (094.9)
|2 2011
|
| 100 |
1 |
|
|a Dragula, Milan,
|d 1948-
|4 com
|9 200651
|
| 245 |
1 |
0 |
|a Opera hospitalis Martiniensis
|c [zostavili: Milan Dragula, Marián Benčat, Rudolf Pullmann]
|
| 260 |
|
|
|a Martin
|b Osveta
|c 2001
|
| 300 |
|
|
|a 1 zv.
|c 21 cm
|
| 310 |
|
|
|a 1x ročne
|
| 500 |
|
|
|a Vydané pre Martinskú fakultnú nemocnicu v Martine
|
| 504 |
|
|
|a Bibliogr. odkazy
|
| 546 |
|
|
|a Res. angl. a slov.
|
| 650 |
0 |
7 |
|a fakultné nemocnice
|2 SNKPH
|9 29517
|
| 651 |
|
7 |
|a Martin (Slovensko)
|2 SNKPHgeo
|9 16875
|
| 655 |
|
7 |
|a zbierky
|2 SNKPH
|9 70533
|
| 700 |
1 |
|
|a Dragula, Milan,
|d 1948-
|4 com
|9 200651
|
| 700 |
1 |
|
|a Benčat, Marián,
|d 1943-2024
|4 com
|9 124439
|
| 700 |
1 |
|
|a Pullmann, Rudolf,
|d 1937-
|4 com
|9 119385
|
| 710 |
2 |
|
|a Martinská fakultná nemocnica
|4 pbl
|9 33476
|
| 910 |
|
|
|a snk
|
| 919 |
|
|
|a 80-8063-074-7
|
| 958 |
|
|
|a MI
|
| 999 |
|
|
|c 3340
|d 5270
|
| 952 |
|
|
|t č. 1
|a SNK
|b SNK
|y PREZ
|7 0
|p 17A0374585
|o snkČSD 2265/1/2001
|i snkKSP 1927/2003
|0 0
|1 0
|4 0
|d 2003-02-10
|l 0
|r 2005-01-02 00:00:00
|w 2026-02-21
|
| 952 |
|
|
|t č. 1
|a SNK
|b SNK
|y PREZ
|7 0
|p 17A0374586
|o snkČSD 2265/1/2001 D1
|i snkKSP 1928/2003
|0 0
|1 0
|4 0
|d 2003-02-10
|l 0
|r 2005-01-02 00:00:00
|w 2026-02-21
|